| 000 | 01456cam a2200361 i 4500 | ||
|---|---|---|---|
| 001 | 18244593 | ||
| 003 | NUST | ||
| 005 | 20221011141831.0 | ||
| 008 | 140728t20152015ne a b 001 0 eng | ||
| 010 | _a 2014029955 | ||
| 020 | _a9780128013977 (paperback) | ||
| 020 | _a0128013974 (paperback) | ||
| 020 | _z9780128016466 (ebk.) | ||
| 020 | _z0128016469 (ebk.) | ||
| 040 |
_aDLC _beng _cDLC _erda _dDLC |
||
| 042 | _apcc | ||
| 050 | 0 | 0 |
_aQA76.76.R42 _bS86 2015 |
| 082 | 0 | 0 |
_a005.16, SUR _223 |
| 100 | 1 |
_aSuryanarayana, Girish. _999907 |
|
| 245 | 1 | 0 |
_aRefactoring for software design smells : _bmanaging technical debt / _cGirish Suryanarayana, Ganesh Samarthyam, Tushar Sharma. |
| 264 | 1 |
_aAmsterdam ; _aBoston : _bElsevier, Morgan Kaufmann, Morgan Kaufmann is an imprint of Elsevier, _c[2015] |
|
| 264 | 4 | _c©2015 | |
| 300 |
_axix, 237 pages : _billustrations ; _c24 cm |
||
| 336 |
_atext _btxt _2rdacontent |
||
| 337 |
_aunmediated _bn _2rdamedia |
||
| 338 |
_avolume _bnc _2rdacarrier |
||
| 505 | 8 | _aTechnical Debt (Page-1),Design Smells (Page-9),Abstraction Smells (Page-21),Encapsulation Smells (Page-61),Modularization Smells (Page-93),Hierarchy Smells (Page-123),The Smell Ecosystem (Page-193),Repaying Technical Debt in Practice (Page-203). | |
| 650 | 0 |
_aSoftware refactoring. _999908 |
|
| 650 | 0 |
_aSoftware failures. _999909 |
|
| 700 | 1 |
_aSamarthyam, Ganesh. _999910 |
|
| 700 | 1 |
_aSharma, Tushar. _999911 |
|
| 942 |
_2ddc _cBK _k005.16,SUR |
||
| 999 |
_c591687 _d591687 |
||